Living with heritage : the case of Tsodilo World Heritage Site and neighbouring localities /

In 2008 several heritage sites in Botswana were opened for tourism in addition to the Tsodilo World Heritage Site. Insufficient research was undertaken to understand how local communities and local cultures respond to these ventures. This study presents an overview of community transformation and re...

وصف كامل

محفوظ في:

المؤلف الرئيسي: Basinyi, Stella (مؤلف)

التنسيق: كتاب الكتروني

اللغة: English

منشور في: Summertown, Oxford : Archaeopress Publishing Ltd., 2019.

سلاسل: Cambridge monographs in African archaeology ; 99.
Access archaeology.

الموضوعات:

الوصول للمادة أونلاين: Login to view Source

الوسوم: إضافة وسم

لا توجد وسوم, كن أول من يضع وسما على هذه التسجيلة!

رقم الطلب: NA109

LEADER 02149nam a2200445 i 4500
001 EDZ0002122138
003 StDuBDS
005 20230412182604.0
006 m|||||o||d||||||||
007 cr |||||||||||
008 191017s2019 enka fob 000|0|eng|d
020 |a 9781789693058 (PDF ebook) :  |c No price 
040 |a StDuBDS  |b eng  |c StDuBDS  |e rda  |e pn 
050 4 |a NA109 
082 0 4 |a 363.69096883  |2 23 
100 1 |a Basinyi, Stella,  |e author. 
245 1 0 |a Living with heritage :  |b the case of Tsodilo World Heritage Site and neighbouring localities /  |c Stella Basinyi. 
264 1 |a Summertown, Oxford :  |b Archaeopress Publishing Ltd.,  |c 2019. 
300 |a 1 online resource (184 pages) :  |b illustrations (black and white, and colour). 
336 |a text  |2 rdacontent 
336 |a still image  |2 rdacontent 
337 |a computer  |2 rdamedia 
338 |a online resource  |2 rdacarrier 
490 1 |a Cambridge monographs in African archaeology ;  |v 99 
490 1 |a Access archaeology 
500 |a "Available in both print and Open Access"--Homepage. 
504 |a Includes bibliographical references. 
520 8 |a In 2008 several heritage sites in Botswana were opened for tourism in addition to the Tsodilo World Heritage Site. Insufficient research was undertaken to understand how local communities and local cultures respond to these ventures. This study presents an overview of community transformation and responses to heritage sites as globalised platforms. 
521 |a Specialized. 
588 |a Description based on online resource; title from PDF title page (viewed on November 20, 2019). 
650 0 |a Cultural property  |z Botswana. 
650 0 |a World Heritage areas  |z Botswana. 
650 0 |a Tourism  |x Social aspects  |z Botswana. 
776 0 8 |i Print version :  |z 9781789693041 
830 0 |a Cambridge monographs in African archaeology ;  |v 99. 
830 0 |a Access archaeology. 
856 4 0 |3 Archaeopress  |u http://library.arce.org:8087/Archaeopress/Products/9781789693041 
942 |2 lcc  |c EBOOK 
952 |0 0  |1 0  |4 0  |6 NA0109  |7 1  |9 46591  |a ARCH  |b ARCH  |d 2023-04-12  |l 0  |o NA109  |r 2023-04-12 00:00:00  |w 2023-04-12  |y EBOOK 
999 |c 52249  |d 52249